000 nam a22 7a 4500
999 _c9708
_d9708
008 180206b ||||| |||| 00| 0 eng d
100 _aAlcott
_95816
245 _aLittle Women
260 _aNew Delhi
_bVikas Publication
_c2003